Staking claims: (Record no. 140237)
[ view plain ]
| 000 -LEADER | |
|---|---|
| fixed length control field | 00711nam a22002057a 4500 |
| 005 - DATE AND TIME OF LATEST TRANSACTION | |
| control field | 20231121145617.0 |
| 010 ## - LCCN (DPL NO) | |
| LC control number | ENG-118287 |
| 020 ## - INTERNATIONAL STANDARD BOOK NUMBER | |
| International Standard Book Number | 9780199467778 |
| Terms of availability | 1195.00 |
| 035 ## - SYSTEM CONTROL NUMBER | |
| System control number | EN-101819 |
| 037 ## - SOURCE OF ACQUISITION | |
| Source of stock number/acquisition | DBAD/PUB |
| 082 ## - DEWEY DECIMAL CLASSIFICATION NUMBER | |
| Classification number | 303.4840954 |
| 245 ## - TITLE STATEMENT | |
| Title | Staking claims: |
| Remainder of title | the politics of social movements in contemporary rural India/ |
| Statement of responsibility, etc | Edited by Uday Chandra [and] Daniel Taghioff |
| 260 ## - PUBLICATION, DISTRIBUTION, ETC. (IMPRINT) | |
| Place of publication, distribution, etc | New Delhi |
| Name of publisher, distributor, etc | Oxford University Press |
| Date of publication, distribution, etc | 2017 |
| 270 ## - ADDRESS | |
| Address | YMCA Library Building,1 Jai Singh Road |
| City | New Delhi |
| Postal code | 110001 |
| 300 ## - PHYSICAL DESCRIPTION | |
| Extent | xi,374p. |
| Dimensions | 23cm.(Hb) |
| 500 ## - GENERAL NOTE | |
| General note | Includes index |
| 700 ## - ADDED ENTRY--PERSONAL NAME | |
| Personal name | Uday Chandra |
| 9 (RLIN) | 57998 |
| 700 ## - ADDED ENTRY--PERSONAL NAME | |
| Personal name | Taghioff,Daniel |
| 9 (RLIN) | 57999 |
| 942 ## - ADDED ENTRY ELEMENTS (KOHA) | |
| Source of classification or shelving scheme | Dewey Decimal Classification |
| Item type | English Books |
| Classification part | 303.4840954 |
| Call number suffix | STA |
| Withdrawn status | Lost status | Not for loan | Collection code | Home library | Current library | Date acquired | Source of acquisition | Cost, normal purchase price | Full call number | Barcode | Copy number | Cost, replacement price | Koha item type |
|---|---|---|---|---|---|---|---|---|---|---|---|---|---|
| Non-fiction | Narela | Narela | 22/05/2017 | DBAD/PUB | 1195.00 | 303.4840954 STA | EN-101819 | 1 | 1195.00 | English Books |
